| 000 -LEADER |
| fixed length control field |
01203cam a2200265 i 4500 |
| 003 - CONTROL NUMBER IDENTIFIER |
| control field |
OSt |
| 005 - DATE AND TIME OF LATEST TRANSACTION |
| control field |
20240117114623.0 |
| 008 - FIXED-LENGTH DATA ELEMENTS--GENERAL INFORMATION |
| fixed length control field |
151002t20162016dcua b 001 0 eng d |
| 020 ## - INTERNATIONAL STANDARD BOOK NUMBER |
| International Standard Book Number |
9781610916233 |
| 020 ## - INTERNATIONAL STANDARD BOOK NUMBER |
| International Standard Book Number |
9781610916226 |
| 042 ## - AUTHENTICATION CODE |
| Authentication code |
lccopycat |
| 043 ## - GEOGRAPHIC AREA CODE |
| Geographic area code |
n-us-az |
| 082 04 - DEWEY DECIMAL CLASSIFICATION NUMBER |
| Classification number |
720 |
| Item number |
GAM |
| 100 1# - MAIN ENTRY--PERSONAL NAME |
| Personal name |
Gammage, Grady, |
| Dates associated with a name |
1951- |
| Relator term |
author. |
| 245 14 - TITLE STATEMENT |
| Title |
The future of the suburban city : |
| Remainder of title |
lessons from sustaining Phoenix / |
| Statement of responsibility, etc |
Grady Gammage Jr. |
| 300 ## - PHYSICAL DESCRIPTION |
| Extent |
xiii, 191 pages : |
| Other physical details |
illustrations ; |
| Dimensions |
23 cm. |
| 504 ## - BIBLIOGRAPHY, ETC. NOTE |
| Bibliography, etc |
Includes bibliographical references (pages 171-183) and index. |
| 505 0# - FORMATTED CONTENTS NOTE |
| Formatted contents note |
Prologue : getting through the haboob -- Suburbs, sprawl, and sustainability -- Just add water -- Coping with heat -- Transportation and the suburban city -- Houses, shopping centers, and the fabric of suburbia -- Jobs and the economy of cities in the sand -- Politics, resilience, and survival -- Afterword : planning to stay. |
| 650 #0 - SUBJECT ADDED ENTRY--TOPICAL TERM |
| Topical term or geographic name as entry element |
Suburbs. |
| 650 #0 - SUBJECT ADDED ENTRY--TOPICAL TERM |
| Topical term or geographic name as entry element |
Sustainable urban development |
| Geographic subdivision |
Arizona |
| -- |
Phoenix |
| Form subdivision |
Case studies. |
| 650 #0 - SUBJECT ADDED ENTRY--TOPICAL TERM |
| Topical term or geographic name as entry element |
Sustainability |
| Geographic subdivision |
Arizona |
| -- |
Phoenix |
| Form subdivision |
Case studies. |
| 650 #7 - SUBJECT ADDED ENTRY--TOPICAL TERM |
| Topical term or geographic name as entry element |
Sustainable urban development. |
| Source of heading or term |
fast |
| 651 #7 - SUBJECT ADDED ENTRY--GEOGRAPHIC NAME |
| Geographic name |
Arizona |
| Geographic subdivision |
Phoenix. |
| Source of heading or term |
fast |
| 942 ## - ADDED ENTRY ELEMENTS (KOHA) |
| Source of classification or shelving scheme |
|